The national spanish fiesta or The art of bullfighting / (Registro nro. 134431)

Detalles MARC
000 -LEADER
campo de control de longitud fija 00723nam a2200193 i 4500
001 - NÚMERO DE CONTROL
campo de control 134431
003 - IDENTIFICADOR DE NÚMERO DE CONTROL
campo de control ES-MaACL
005 - FECHA Y HORA DE LA ÚLTIMA TRANSACCIÓN
campo de control 20230906194654.0
007 - CAMPO FIJO DE DESCRIPCIÓN FÍSICA--INFORMACIÓN GENERAL
campo de control de longitud fija t|
008 - DATOS DE LONGITUD FIJA--INFORMACIÓN GENERAL
campo de control de longitud fija 070910s1953 sp cfo |||| | eng d
100 1# - ENTRADA PRINCIPAL--NOMBRE DE PERSONA
Nombre de persona Tapia Robson, Santiago Wealands.
9 (RLIN) 109241
245 14 - MENCIÓN DEL TÍTULO
Título The national spanish fiesta or The art of bullfighting /
Mención de responsabilidad, etc. by Santiago Wealands Tapia Robson ; with the collaboration of F. Velasco Gil.
260 ## - PUBLICACIÓN, DISTRIBUCIÓN, ETC.
Lugar de publicación, distribución, etc. Madrid :
Nombre del editor, distribuidor, etc. [s.n.],
Fecha de publicación, distribución, etc. 1953 (
Fabricante Imp. y Litogr. Juan Bravo)
300 ## - DESCRIPCIÓN FÍSICA
Extensión 136 p., [64] p. de lám., [10] h. de lám. col. :
Otras características físicas il. ;
Dimensiones 19 cm.
650 #4 - PUNTO DE ACCESO ADICIONAL DE MATERIA--TÉRMINO DE MATERIA
Término de materia o nombre geográfico como elemento de entrada Corridas de toros.
9 (RLIN) 11370
700 1# - ENTRADA AGREGADA--NOMBRE PERSONAL
Nombre de persona Velasco Gil, Francisco.
9 (RLIN) 113758
740 42 - ENTRADA AGREGADA--TÍTULO RELACIONADO/ANALÍTICO NO CONTROLADO
Título relacionado o analítico no controlado The art of bullfighting.
852 ## - LOCALIZACIÓN
Ubicación ES-MaACL
Número de control de estantería D-9174
Existencias
Estatus retirado Estado de pérdida Estado de daño No para préstamo Biblioteca de origen Biblioteca actual Ubicación en estantería Fecha de adquisición Fuente de adquisición Total de préstamos Signatura topográfica completa Código de barras Visto por última vez Precio de reemplazo Tipo de ítem Koha
        Biblioteca del Ateneo de Madrid Biblioteca del Ateneo de Madrid Sala Valle Inclán 17/01/2008     D-9174 901139928 23/02/2023 23/02/2023 Libro impreso